Fun World Capital Anagrams - Statistics

General Stats
  • This quiz has been taken 12 times
  • The average score is 9 of 15
Answer Stats
Hint Answer % Correct
moron via Monrovia
100%
man babe Mbabane
86%
sore java Sarajevo
86%
rise gal Algiers
71%
adept bus Budapest
71%
crab near Canberra
71%
train sip Pristina
71%
wide honk Windhoek
71%
bad salami Islamabad
57%
gain oats Santiago
57%
bone lamp Belmopan
43%
serious bean Buenos Aires
43%
mega actuality Guatemala City
43%
soap reign Singapore
43%
apricot prune Port au Prince
29%
No matching quizzes found
Score Distribution
Percent of People with Each Score
Percentile by Number Answered
Your Score History
You have not taken this quiz